Egon Schiele, 1890-1918: el alma de medianoche del artista

Saved in:
書目詳細資料
主要作者: Steiner, Reinhard (Author)
格式: 圖書
語言:西班牙语
出版: Colonia Taschen 2001
主題:
標簽: 添加標簽
沒有標簽, 成為第一個標記此記錄!

MARC

LEADER 00000nam a2200000 a 4500
001 UCG7094
003 CL-VaPUC
008 110617e20010000GW |||||||||||||||||spa|d
020 |a 3822809578 
082 0 4 |a 750  |b STE  |2 21 
100 0 |a Steiner, Reinhard  |e author  |9 557614 
245 1 0 |a Egon Schiele, 1890-1918: el alma de medianoche del artista 
300 |a 96 p 
942 |c BK 
945 |d 20110617 00:00:00  |a dcastane 
260 |a Colonia  |b Taschen  |c 2001 
600 0 7 |a SCHIELE, EGON  |2 CL-VaPUC  |9 386809 
650 0 |a Pintura  |9 265046 
650 0 |a Pintura moderna  |9 265600 
650 7 |a EXPRESIONISMO  |2 CL-VaPUC  |9 268711 
583 |a last modification  |c 20110617 00:00:00  |k Rodrigo Vera 
999 |c 345159  |d 345157 
952 |0 0  |1 0  |4 0  |6 750_000000000000000_STE_2001  |7 0  |8 C  |9 443628  |a BIBCUR  |b BIBCUR  |d 2019-11-22  |i 4784987  |l 1  |o 750 STE 2001  |p 4784987  |r 2025-04-22  |s 2022-04-13  |w 2019-11-22  |y BK  |k CAC